Teams, die Deutschland im Fußball besiegt haben (Frauen) - Statistiken

Allgemein
  • Dieses Quiz wurde 70 mal gespielt
    29 seit der letzten Aktualisierung
  • Das Durchschnittsergebnis liegt bei 13 aus 17
Antwortstatistiken
Jahr Phase Endstand Land % Korrekt
EM 2025 Halbfinale 1-0 Spanien
100%
EM 2025 Gruppe 4-1 Schweden
96%
WM 2019 Viertelfinale 2-1 Schweden
96%
WM 1995 Gruppe 3-2 Schweden
96%
WM 1991 Platz 3 4-0 Schweden
96%
EM 2022 Finale 2-1 England
92%
WM 2015 Platz 3 1-0 England
92%
WM 2015 Halbfinale 2-0 Vereinigte Staaten
83%
WM 1999 Viertelfinale 3-2 Vereinigte Staaten
83%
WM 1991 Halbfinale 5-2 Vereinigte Staaten
83%
EM 2013 🏆 Gruppe 1-0 Norwegen
79%
WM 1995 Finale 2-0 Norwegen
79%
WM 2011 Viertelfinale 1-0 Japan
71%
EM 1993 Halbfinale 1-1 (E) Italien
58%
EM 2017 Viertelfinale 2-1 Dänemark
54%
EM 1993 Platz 3 3-1 Dänemark
54%
WM 2023 Gruppe 2-1 Kolumbien
33%
Keine übereinstimmenden Quizze gefunden
Verteilung der Resultate
Anzahl Personen mit jedem Resultat
Perzentil nach korrekt beantworteten Fragen
Ihre Resultats-Entwicklung
Sie haben dieses Quiz seit der letzten Aktualisierung nicht gespielt